ბათუმის შოთა რუსთაველის სახელმწიფო უნივერსიტეტის ბიბლიოთეკა

Античная полевая археология / (ბიბ.ჩანაწერი № 61034)

000 -LEADER
fixed length control field 00866nam a22001817a 4500
005 - DATE AND TIME OF LATEST TRANSACTION
control field 20231211094621.0
008 - FIXED-LENGTH DATA ELEMENTS--GENERAL INFORMATION
fixed length control field 231211s1967 ru ||||| |||| 00| 0 rus d
041 ## - LANGUAGE CODE
Language code of text/sound track or separate title rus
080 ## - UNIVERSAL DECIMAL CLASSIFICATION NUMBER
Universal Decimal Classification number 902.2 Б-68
100 ## - MAIN ENTRY--PERSONAL NAME
Personal name Блаватский, В.
9 (RLIN) 20092
245 ## - TITLE STATEMENT
Title Античная полевая археология /
Statement of responsibility, etc. В.Д. Блаватский; Ответственный редактор М.М. Кобылина; Академия Наук СССР, Институт археологии.
264 ## - PRODUCTION, PUBLICATION, DISTRIBUTION, MANUFACTURE, AND COPYRIGHT NOTICE
Place of production, publication, distribution, manufacture Москва :
Name of producer, publisher, distributor, manufacturer Наука,
Date of production, publication, distribution, manufacture, or copyright notice 1967.
300 ## - PHYSICAL DESCRIPTION
Extent 208 с. :
Other physical details рис.;
Dimensions 20 см.
653 ## - INDEX TERM--UNCONTROLLED
keyword ანტიკური არქეოლოგია
700 ## - ADDED ENTRY--PERSONAL NAME
Personal name Кобылина, М.М.
Relator term რედაქტორი
9 (RLIN) 20644
710 ## - ADDED ENTRY--CORPORATE NAME
Corporate name or jurisdiction name as entry element Академия Наук СССР.
Date of meeting or treaty signing Институт археологии.
9 (RLIN) 20645
942 ## - ADDED ENTRY ELEMENTS (KOHA)
Source of classification or shelving scheme
Koha item type წიგნი
ეგზემპლარები
Withdrawn status Lost status Source of classification or shelving scheme Damaged status Not for loan Permanent Location Current Location Shelving location Date acquired Cost, normal purchase price Full call number Barcode Date last seen Copy number Uniform Resource Identifier Price effective from Koha item type Public note
          ბათუმის შოთა რუსთაველის სახელმწიფო უნივერსიტეტის მთავარი ბიბლიოთეკა ბათუმის შოთა რუსთაველის სახელმწიფო უნივერსიტეტის მთავარი ბიბლიოთეკა წიგნსაცავი 2023-12-11 6.00 902.2 Б-68 65557 2023-12-11 65557 ბსუ-ს საპატიო დოქტორის გურამ ლორთქიფანიძის საჩუქარი 2023-12-11 წიგნი 6 ლ.